000 00291nam a22001217a 4500
008 180521b xxu||||| |||| 00| 0 eng d
041 _aeng
080 _a043..3
100 _a0
101 _aSHKI-BTH
245 _aPerdorimi i Fmeto-Celulave ne sistemin celular
_cFerizi,H
942 _2udc
_cBK
999 _c46083
_d46083